00259nam a2200109Ia 4500008004100000041001200041082001100053100002100064245005100085260000600136650000700142221030s9999 xx 000 0 und d aEnglish a105.23 aJ. M. Ivancevich 0aHuman Resource Managementcby J. M. Ivancevich c0 aMb